Research projects and research proposals: a guide for scientists seeking funding (Record no. 7126)

000 -LEADER
fixed length control field 01004 a2200217 4500
020 ## - INTERNATIONAL STANDARD BOOK NUMBER
International Standard Book Number 052183015X
020 ## - INTERNATIONAL STANDARD BOOK NUMBER
International Standard Book Number 0521537169
040 ## - CATALOGING SOURCE
Original cataloging agency DLC
Language of cataloging DLC
082 00 - DEWEY DECIMAL CLASSIFICATION NUMBER
Classification number 507.973
100 1# - MAIN ENTRY--PERSONAL NAME
Personal name Chapin, Paul G.,
245 10 - TITLE STATEMENT
Title Research projects and research proposals: a guide for scientists seeking funding
Remainder of title a guide for scientists seeking funding
Statement of responsibility, etc. Paul G. Chapin ; with a foreword by Alan I. Leshner.
260 ## - PUBLICATION, DISTRIBUTION, ETC.
Place of publication, distribution, etc. Cambridge, U. K. ;
-- New York :
Name of publisher, distributor, etc. Cambridge University Press,
Date of publication, distribution, etc. 2004.
300 ## - PHYSICAL DESCRIPTION
Extent xvi, 154 p. ;
Dimensions 24 cm.
500 ## - GENERAL NOTE
General note Includes index.
650 #0 - SUBJECT ADDED ENTRY--TOPICAL TERM
Topical term or geographic name entry element Science
General subdivision Research grants
856 41 - ELECTRONIC LOCATION AND ACCESS
Materials specified Table of contents
Uniform Resource Identifier <a href="http://www.loc.gov/catdir/toc/cam051/2003069568.html">http://www.loc.gov/catdir/toc/cam051/2003069568.html</a>
856 41 - ELECTRONIC LOCATION AND ACCESS
Materials specified Sample text
Uniform Resource Identifier <a href="http://www.loc.gov/catdir/samples/cam041/2003069568.html">http://www.loc.gov/catdir/samples/cam041/2003069568.html</a>
856 41 - ELECTRONIC LOCATION AND ACCESS
Materials specified Publisher description
Uniform Resource Identifier <a href="http://www.loc.gov/catdir/description/cam041/2003069568.html">http://www.loc.gov/catdir/description/cam041/2003069568.html</a>
856 41 - ELECTRONIC LOCATION AND ACCESS
Materials specified Contributor biographical information
Uniform Resource Identifier <a href="http://www.loc.gov/catdir/enhancements/fy0732/2003069568-b.html">http://www.loc.gov/catdir/enhancements/fy0732/2003069568-b.html</a>
942 ## - ADDED ENTRY ELEMENTS (KOHA)
Koha item type Book
Call number prefix 300.72 CHA
Source of classification or shelving scheme
Holdings
Withdrawn status Lost status Source of classification or shelving scheme Damaged status Not for loan Permanent Location Current Location Shelving location Date acquired Source of acquisition Cost, normal purchase price Total Checkouts Full call number Barcode Date last seen Date last checked out Price effective from Koha item type
          Central Library (CL) Central Library (CL) General Stacks 02/13/2006 Allied Book Company 1781.88 1 001.42 CHA SEECS006921 11/21/2019 10/29/2019 01/05/2017 Book
© 2023 Central Library, National University of Sciences and Technology. All Rights Reserved.